000250173 001__ 250173
000250173 005__ 20250112184015.0
000250173 022__ $$a2692-3106$$l2692-3106
000250173 0247_ $$2ZDBID$$aPERI:(DE-600)3075034-9
000250173 0247_ $$2ZDBPPN$$aZDPPN:1236347323
000250173 0247_ $$2EZBID$$aPERI:(DE-606)479543
000250173 0247_ $$2EZBID$$aPERI:(DE-606)479543
000250173 0247_ $$2OCLC$$aOCLC:1258950235
000250173 0247_ $$2SCOPUS$$aSCOPUS:21101088221
000250173 0247_ $$2Medline$$amedline:101765387
000250173 035__ $$aPERI:(DE-600)3075034-9
000250173 040__ $$a0005$$bger$$cDE-101$$dJOIN²$$eJOIN² journal identification
000250173 041__ $$aeng
000250173 044__ $$cXD-US
000250173 082__ $$223sdnb$$a610$$qDE-600
000250173 08274 $$223sdnb$$a610$$qDE-600
000250173 2100_ $$2iso$$aExplor Med
000250173 2100_ $$2dnlm$$aExplor Med
000250173 2100_ $$2iso$$aExplor Med
000250173 24220 $$2DE-600$$aExploration of medicine$$yen
000250173 24220 $$2DE-600$$aExploration of medicine
000250173 245__ $$2DE-600$$aExploration of medicine$$honline
000250173 2463_ $$2DE-600$$aExploration of medicine
000250173 2463_ $$aExploration of medicine
000250173 260__ $$aXi'an$$bOpen Exploration Publishing Inc.$$c[2020] -
000250173 2607_ $$2DOAJ$$aChina$$bOpen Exploration Publishing Inc.$$d2021-06-23T12:54:04Z$$fExploration of Medicine
000250173 26431 $$aXi'an$$bOpen Exploration Publishing Inc.$$c[2020] -
000250173 3620_ $$2DE-600$$aVol. 1, issue 1 (2020) -
000250173 36301 $$2DE-600$$81.1\x$$a1$$b1$$i2020
000250173 380__ $$2marcgt$$ajournal
000250173 500__ $$aAutomatically generated record. (Updated: 2024-12-05)
000250173 650_7 $$0ASJC:2700$$2ASJC$$aGeneral Medicine
000250173 650_7 $$0ASJC:1313$$2ASJC$$aMolecular Medicine
000250173 65310 $$2EZB-Subject$$aMedizin
000250173 65310 $$2EZB-Keyword$$aAllgemeine medizinische Zeitschriften
000250173 65310 $$2DOAJ$$ahuman disease$$d2021-06-23T12:54:04Z
000250173 65310 $$2DOAJ$$anew treatment$$d2021-06-23T12:54:04Z
000250173 65310 $$2DOAJ$$apre-clinical and clinical medicine$$d2021-06-23T12:54:04Z
000250173 65310 $$2DOAJ$$apublic health$$d2021-06-23T12:54:04Z
000250173 65310 $$2DOAJ$$adiagnosis$$d2021-06-23T12:54:04Z
000250173 65310 $$2DOAJ$$aMedicine: Other systems of medicine$$d2021-06-23T12:54:04Z
000250173 8564_ $$d0$$uhttps://ezb.ur.de/?3075034-9$$yEZB
000250173 8564_ $$d0$$uhttps://www.explorationpub.com/Journals/em/About_the_Journal#Aims_and_Scope$$yScope
000250173 8564_ $$d0$$uhttps://www.explorationpub.com/Journals/em/Archives$$yVerlag = kostenfrei
000250173 8564_ $$d0$$uhttps://www.explorationpub.com/Journals/em/Article_Processing_Charge$$yAPC information
000250173 8564_ $$d0$$uhttps://www.explorationpub.com/Journals/em/Author_Instructions$$yInstructions for Authors
000250173 8564_ $$d0$$uhttps://www.explorationpub.com/Journals/em/Editorial_Board$$yEditorial board
000250173 8564_ $$d0$$uhttps://www.explorationpub.com/Journals/em/Editorial_Policies#Peer_Review_Policy$$yReview process
000250173 8801_ $$2DE-600$$aExploration of medicine
000250173 909CO $$ooai:juser.fz-juelich.de:915525$$pauthority$$pauthority:PERI
000250173 909CO $$ooai:juser.fz-juelich.de:915525
000250173 915__ $$0StatID:(DE-HGF)0200$$2StatID$$aDBCoverage$$bSCOPUS$$d2024-12-05
000250173 915__ $$0StatID:(DE-HGF)0300$$2StatID$$aDBCoverage$$bMedline$$d2024-12-05
000250173 915__ $$0StatID:(DE-HGF)0501$$2StatID$$aDBCoverage$$bDOAJ Seal$$d2021-06-23T12:54:04Z
000250173 915__ $$0StatID:(DE-HGF)0500$$2StatID$$aDBCoverage$$bDOAJ$$d2021-06-23T12:54:04Z
000250173 915__ $$0StatID:(DE-HGF)0030$$2StatID$$aPeer Review$$bDOAJ : Anonymous peer review$$d2021-06-23T12:54:04Z
000250173 915__ $$0LIC:(DE-HGF)CCBYNV$$2V:(DE-HGF)$$aCreative Commons Attribution CC BY (No Version)$$bDOAJ$$d2021-06-23T12:54:04Z
000250173 980__ $$aPERI
000250173 980__ $$aAUTHORITY